<?xml version="1.0" encoding="UTF-8"?><?xml-stylesheet type="text/xsl" href="static/style.xsl"?><OAI-PMH xmlns="http://www.openarchives.org/OAI/2.0/" xmlns:xsi="http://www.w3.org/2001/XMLSchema-instance" xsi:schemaLocation="http://www.openarchives.org/OAI/2.0/ http://www.openarchives.org/OAI/2.0/OAI-PMH.xsd"><responseDate>2026-04-27T21:51:04Z</responseDate><request verb="GetRecord" identifier="oai:uvadoc.uva.es:10324/76200" metadataPrefix="marc">https://uvadoc.uva.es/oai/request</request><GetRecord><record><header><identifier>oai:uvadoc.uva.es:10324/76200</identifier><datestamp>2026-04-16T07:08:06Z</datestamp><setSpec>com_10324_29292</setSpec><setSpec>com_10324_29291</setSpec><setSpec>col_10324_29293</setSpec></header><metadata><record xmlns="http://www.loc.gov/MARC21/slim" xmlns:doc="http://www.lyncode.com/xoai" xmlns:xsi="http://www.w3.org/2001/XMLSchema-instance" xmlns:dcterms="http://purl.org/dc/terms/" xsi:schemaLocation="http://www.loc.gov/MARC21/slim http://www.loc.gov/standards/marcxml/schema/MARC21slim.xsd">
<leader>00925njm 22002777a 4500</leader>
<datafield tag="042" ind1=" " ind2=" ">
<subfield code="a">dc</subfield>
</datafield>
<datafield tag="720" ind1=" " ind2=" ">
<subfield code="a">Essop, Ahmed</subfield>
<subfield code="e">author</subfield>
</datafield>
<datafield tag="720" ind1=" " ind2=" ">
<subfield code="a">Recuenco Peñalver, María</subfield>
<subfield code="e">author</subfield>
</datafield>
<datafield tag="720" ind1=" " ind2=" ">
<subfield code="a">Faura Sabé, Salvador</subfield>
<subfield code="e">author</subfield>
</datafield>
<datafield tag="260" ind1=" " ind2=" ">
<subfield code="c">2022</subfield>
</datafield>
<datafield tag="520" ind1=" " ind2=" ">
<subfield code="a">Ahmed Essop nació en 1931 en el seno de una familia musulmana en Guyarat, y se trasladó a Sudáfrica en 1934. En 1986 comenzó a dedicarse exclusivamente a la literatura. Desde entonces, su obra reflejó la vida de todo un conjunto de entrañables personales de nacionalidad sudafricana, pero de origen indio y las relaciones de estos dentro y fuera de su comunidad racial y religiosa.</subfield>
</datafield>
<datafield tag="024" ind2=" " ind1="8">
<subfield code="a">Cuentos: (selección). Ahmed Essop; prólogo de Ronit Frenkel; nota introductoria de Felicity Hand; edición de María Recuenco Peñalver y Salvador Faura Sabé. Valladolid: Ediciones Universidad de Valladolid, 2022.</subfield>
</datafield>
<datafield tag="024" ind2=" " ind1="8">
<subfield code="a">978-84-1320-180-1</subfield>
</datafield>
<datafield tag="024" ind2=" " ind1="8">
<subfield code="a">https://uvadoc.uva.es/handle/10324/76200</subfield>
</datafield>
<datafield tag="024" ind2=" " ind1="8">
<subfield code="a">10.24197/eduva.1046</subfield>
</datafield>
<datafield ind1=" " ind2=" " tag="653">
<subfield code="a">Traducción inglés</subfield>
</datafield>
<datafield ind1=" " ind2=" " tag="653">
<subfield code="a">Cuentos</subfield>
</datafield>
<datafield ind1=" " ind2=" " tag="653">
<subfield code="a">Ahmed Essop</subfield>
</datafield>
<datafield tag="245" ind1="0" ind2="0">
<subfield code="a">Cuentos (Selección). Ahmed Essop.</subfield>
</datafield>
</record></metadata></record></GetRecord></OAI-PMH>